00643 2200241 4500001002100000005001500021035002000036245006700056100001700123250000600140300003500146700002600181260003700207082001000244084001600254020001800270650002800288990001700316990001700333990001700350990001700367990001700384INLIS00000000000064520190123014939 a0010-01190001011 aPencemaran Desa /cHadi Permana; Editor, Beti Dwi Septiningsih0 aHadi Permana a- avi, 58 hlm. :bilus. ;c21 cm.0 aBeti Dwi Septiningsih aBandung :bCV Citra Praya,c2009 a363.7 a363.7 HAD p a979-9281-93-8 aPermasalahan Lingkungan a02400/H/2018 a02401/H/2018 a02838/H/2018 a02839/H/2018 a02892/H/2018